Statistics for Countries Conan O'Brien has filmed in

Click here to take the quiz!

General Stats

  • This quiz has been taken 39 times
    (2 since last reset)
  • The average score is 10 of 16

Answer Stats

Answer% Correct
Canada
100%
Germany
100%
Ireland
100%
Italy
100%
Japan
100%
Mexico
100%
United Kingdom
100%
United States
100%
Finland
50%
Israel
50%
South Korea
50%
Armenia
0%
Cuba
0%
Haiti
0%
North Korea
0%
Qatar
0%

Score Distribution

Percentile by Number Answered

Percent of People with Each Score

Your Score History

You have not taken this quiz since the last reset